Statistics for Classic Movies by Movie Posters

Click here to take the quiz!

General Stats

  • This quiz has been taken 10,757 times
    (10,721 since last reset)
  • The average score is 11 of 18

Answer Stats

Answer% Correct
King Kong
96%
The Wizard of Oz
95%
Dracula
93%
Tarzan
91%
Cleopatra
88%
Casablanca
83%
Gone With The Wind
81%
Taxi Driver
68%
Lawrence of Arabia
68%
Psycho
64%
Spartacus
59%
Vertigo
57%
Rear Window
50%
The Parent Trap
37%
North By Northwest
35%
Peter Pan
20%
Wings
11%
Imitation of Life
7%

Score Distribution

Percentile by Number Answered

Percent of People with Each Score

Your Score History

You have not taken this quiz since the last reset